| 000 | 00750nam a2200229 i 4500 | ||
|---|---|---|---|
| 001 | 172486 | ||
| 003 | ES-MaACL | ||
| 005 | 20250804062758.0 | ||
| 008 | 090710s1931 sp |||| | spa d | ||
| 080 | _a1(07) | ||
| 100 | 0 |
_aKülpe, Oswald. _969013 |
|
| 245 | 1 | 0 |
_aIntroducción a la filosofía / _cOswald Külpe ; traducción directa del alemán de la duodécima edición, pulicada por A. Messer, por Carlos Jesinghaus. |
| 260 |
_aMadrid ; _aBuenos Aires : _bPoblet, _c1931. |
||
| 300 |
_a437 p. ; _c22 cm. |
||
| 500 | _aÍndices. | ||
| 650 | 0 | 7 |
_aFilosofía _2embne _912802 |
| 700 | 0 |
_aJesinghaus, Carlos. _966354 |
|
| 852 |
_aES-MaACL _jE-12801 _9R.143639 |
||
| 852 |
_aES-MaACL _jA-242 |
||
| 999 |
_c172486 _d172486 |
||